| 000 | 04166nam0a22006371 4500 | ||
|---|---|---|---|
| 001 | RU\NLR\A1\PETRI\501 | ||
| 005 | 20260406094634.0 | ||
| 035 | _a(NLR Aleph) 009685508 | ||
| 090 |
_a9717372 _c9717372 |
||
| 100 | _a20000515d1716 u y0rusy50 ca | ||
| 101 | 1 |
_arus _clat |
|
| 102 | _aRU | ||
| 135 | _acrcn 024anaba | ||
| 200 | 1 |
_aТаблицы синусов, тангенсов, и секансов, и логарифма синусов и тангенсов: _eТаже и числ, еже есть от единаго даже до 10000, _eСо изъяснением удобнеишим: оных довольством возможно разрешити вся треугольники прямолинийныя, и сферическия и множайшая вопрошения астрономическая. _fЗаповелением пресветлеишаго царскаго величества воупотребление изнание мафематиконавигацким ученикам: которыя содержатся подъкомандою генерала, адмирала, кавалера, губернатора, тайнаго советника и президента Адмиралтейства: графа Феодора Матвеевича Апраксина. |
|
| 205 |
_aТиснению преданы в Москве вторым типом, первееже ныне вогражданской типографии: _fПод над зрением господина генерала фельцеих меистера и кавалера Якова Вилимовича Брюса. _gТщанием и заосвидетелством мафематиконавигацких школ учителей Андрея Фархварсона, Стефана Гвына, и Леоньтья Магницкаго. _gОт библиотекаря В:Киприанова |
||
| 210 |
_a[М. _cТип. В.Киприанова] _d1716 |
||
| 215 | _a141 л., 1 л. фронт. | ||
| 305 | _aПер. кн.: Vlacq A. Tabulae sinuum, tangentium et secantium et logarithmi sinuum tangentium, et numerorum ab unitate ad 10.000... (1-е изд. - 1628) | ||
| 305 | _a1-е изд. вышло в 1703 г. | ||
| 307 | _aРазмер набора 134 x 83 мм | ||
| 316 |
_aЭкз. РНБ деф.: отсутствует тит. л. _5П-220б |
||
| 321 | 1 | _aСК 1708-1725 220 | |
| 325 | _aКопия доступна в Электрон. б-ке РНБ | ||
| 620 | _dМосква | ||
| 700 | 1 |
_6z01 _aВлак _bА. _fок.1600-1667 _gАдриан _4070 |
|
| 700 | 1 |
_6z01 _aVlacq _bA. _4070 |
|
| 702 | 1 |
_4340 _8rus _7ca _aБрюс _bЯ. В. _f1669-1735 _gЯков Вилимович _3RU\NLR\AUTH\7769624 _952552 |
|
| 702 | 1 |
_6z02790 _aФарварсон _bА.Д. _f1675-1739 _gАндрей Данилович _4730 |
|
| 702 | 1 |
_aМагницкий _bЛ.Ф. _f1669-1739 _gЛеонтий Филиппович _4730 |
|
| 702 | 1 |
_6z03790 _aГвин _bС. _gСтивен _4730 |
|
| 702 | 1 |
_aКиприанов _bВ.А. _f-1723 _gВасилий Ануфриевич _4610 |
|
| 712 | 0 | 0 |
_aКиприянов _cМосква _gВ.А. _hТипография _4610 |
| 790 | 1 |
_6z02702 _aФархварсон _bА. _gАндрей |
|
| 790 | 1 |
_6z03702 _aГвын _bС. _gСтефан |
|
| 801 | 0 |
_aRU _bNLR _c20000515 |
|
| 852 |
_aNLR _jП-220 |
||
| 852 |
_aNLR _jП-220а _yЭкз. деф. |
||
| 852 |
_aNLR _jП-220б |
||
| 856 | 0 | _uhttp://vivaldi.nlr.ru/bx000016847/view | |
| 856 | 1 | _uhttp://vivaldi.nlr.ru/bx000016847/cover | |
| 856 | 2 | _uhttp://vivaldi.nlr.ru/bx000016847/text | |
| 899 | _aРГБ | ||
| 899 | _aБАН | ||
| 899 | _aНБЛ КГУ | ||
| 899 | _aДГНБ | ||
| 942 | _cBOOK | ||
| 980 | 3 | _akpcivil | |
| 980 | 3 | _akp | |
| 980 | _aNB | ||
| 980 | _aA1XVIIIv | ||
| 980 | _aA1PetrI | ||
| 981 | 2 | 0 |
_a(20) Книжные памятники РНБ _b(20) Отдел редких книг |